ASP.NET jQuery cookbook (Record no. 131504)
[ view plain ]
| 000 -LEADER | |
|---|---|
| fixed length control field | 01239nam a2200301 a 4500 |
| 100 1# - MAIN ENTRY--AUTHOR NAME | |
| Personal name | Allana, Sonal Aneel. |
| 245 10 - TITLE STATEMENT | |
| Title | ASP.NET jQuery cookbook |
| 260 ## - PUBLICATION, DISTRIBUTION, ETC. (IMPRINT) | |
| Place of publication | Olton, Birmingham : |
| Name of publisher | Packt Pub., |
| Year of publication | 2011. |
| 300 ## - PHYSICAL DESCRIPTION | |
| Number of Pages | iii, 291 p. : |
| Other physical details | ill. (some col.). |
| 490 0# - SERIES STATEMENT | |
| Series statement | Quick answers to common problems |
| 500 ## - GENERAL NOTE | |
| General note | Includes index. |
| 650 #0 - SUBJECT ADDED ENTRY--TOPICAL TERM | |
| Topical Term | JavaScript (Computer program language) |
| Topical Term | Query languages (Computer science) |
| 856 40 - ELECTRONIC LOCATION AND ACCESS | |
| Uniform Resource Identifier | http://site.ebrary.com/lib/rucke/Doc?id=10467634 |
No items available.
